01015 2200193 4500001002100000005001500021035002000036245004000056100001600096250001700112300002900129260003300158082000800191084001400199020002200213650001400235520053400249500003800783INLIS00000000000020520240521092451 a0010-05240001271 aMengarungi Laut Biru /cT. Bachtiar0 aT. Bachtiar acetakan ke-1 a100 hlm :bilus ;c20 cm aJakarta :bAzka Press,c2006 a813 a813 T. m a978-979-744-344-2 4aBuku Anak aDalam liburan caturwulan yang baru saja berlalu, Pak budi mengajak keluarganya untuk mengunjungi pantai pangandaran. Kedua putrinya, Nesi dan Deti, menghabiskan masa liburan mereka disana. Saudara sepupu mereka, Giri dan Andri, ikut bersama mereka, karena ayah mereka kebetulan sedang ada tugas ke irian. jadi, untuk sementara mereka tinggal bersama keluarga pak budi. Mereka berlibur di pangandaran selama tiga hari. banyak pengalaman menarik mereka dapatkan disana, termasuk berkenalan dengan dua anak perempuan dari belanda. aSeri Pengetahuan Integrasi Bangsa